High-Performance Liquid Chromatography of Cereal and Legume Proteins /

Contenido: La evolución de la proteína de cereales por análisis cromatográfico de alto rendimiento (HPLC); Consideraciones prácticas en el análisis inverso en HPLC de cereales y proteínas de legumbres; Extracción de proteínas y técnicas de preparación de la muestra; Tratamiento de datos en HPLC y us...

Celý popis

Uloženo v:
Podrobná bibliografie
Hlavní autor: Kruger, James E. (ed.)
Další autoři: Bietz, Jerold A. (edición) (edición)
Médium: Kniha
Jazyk:angličtina
Vydáno: Minnesota, EUA : American Association of Cereal Chemists, 1994, c1994
Témata:
Tagy: Přidat tag
Žádné tagy, Buďte první, kdo vytvoří štítek k tomuto záznamu!

MARC

LEADER 00000nam^a2200000^a^4500
001 000184301
005 20250521000000.0
009 20260310102112.325
020 |a 0-913250-82-1 
037 |a Acervo ITESO - Biblioteca 
041 |a ING 
082 |a 584. 9041924  |b KRU 
100 |a Kruger, James E.  |e (ed.) 
245 1 0 |a High-Performance Liquid Chromatography of Cereal and Legume Proteins /  |c Ed. de J.E. Kruger, J.A. Bietz. 
264 4 |a Minnesota, EUA :  |b American Association of Cereal Chemists,  |c 1994, c1994 
300 |a V, 426 p. 
336 |a texto  |b txt  |2 rdacontenido 
337 |a sin mediación  |b n  |2 rdamedio 
338 |a volumen  |b nc  |2 rdasoporte 
520 |a Contenido: La evolución de la proteína de cereales por análisis cromatográfico de alto rendimiento (HPLC); Consideraciones prácticas en el análisis inverso en HPLC de cereales y proteínas de legumbres; Extracción de proteínas y técnicas de preparación de la muestra; Tratamiento de datos en HPLC y uso de computadoras; Análisis inverso en HPLC para la identificación en cereales y legumbres; Trigo; Centeno y triticale; Maíz; Cebada; Arroz; Avena; Soya; Sorgo; Análisis inverso en HPLC para la investigación de la calidad en cereales y legumbres: calidad de horneados de trigo; Uso de Análisis inverso en HPLC para entender la estructura y funcionalidad de la proteína del gluten de trigo; Combinación de Análisis inverso en HPLC con técnicas de electroforesis en la genética y formación de proteínas en trigo almacenado; Exclusión de tamaño en proteínas de diferentes cereales en un análisis rápido con HPLC; Separaciones cromatográficas con intercambio iónico de HPLC de proteínas de cereales y legumbres; Evaluación hidrofílica de proteínas de trigo y péptidos por HIC y RP-HPCL. 
649 |a XX 
650 |a Proteínas 
650 |a Cereales 
650 |a Leguminosas 
650 |a Plantas -  |x Analisis Químico 
650 |a Química de Alimentos 
650 |a Cromatografía Líquida de Alto Rendimiento 
650 |a Química Analítica 
650 |a Tecnología de Alimentos 
700 |a Bietz, Jerold A.  |e (edición) 
910 |a Fondo General 
920 |a Impresos - Libros 
930 |a Colección General 
905 |a 101 
901 |a 0500125067  |b IT1  |c ACC  |u 20250521 
902 |a https://opac.biblio.iteso.mx/vufind/Record/000184301